Szczegóły MARC21

Die Nibelungensage : Siegfieds Leben und Tod : Kriemhilds Rache /

003 -Nazwa inst., której nr kontr. jest w polu 001 [,]
    • @
    • Nazwa instytucji, której n kontrolny jest w polu 001
    • NUKAT
005 -DATA I CZAS OSTATNIEJ MODYFIKACJI [,]
    • @
    • pole kontrolne
    • 20241231104154.0
020 -Międzynarod. znormalizowany nr książki - ISBN [ , ]
    • a
    • Numer ISBN
    • 3872911368 Find
040 -Instytucja sporządzająca opis [ , ]
    • a
    • Instytucja, która sporządziła opis (NP)
    • SZCZ U/MC
    • b
    • Język katalogowania
    • pol
    • e
    • Zasady katalogowania
    • rda
    • c
    • Instytucja, która sporządziła rekord (NP)
    • SZCZ U/MCs
942 -Rodzaj dokumentu [ , ]
    • c
    • Rodzaj dokumentu
    • Książka
130 -Hasło główne - tytuł ujednolicony [0, ]
    • a
    • Tytuł ujednolicony (NP)
    • Nibelungenlied Find
    • l
    • Język tekstu (NP)
    • (niem.)
    • 9
    • KHW
    • 417809
245 -Strefa tytułu i oznaczenia odpowiedzialności [1,4]
    • a
    • Tytuł
    • Die Nibelungensage : Find
    • b
    • Ciąg dalszy tytułu (NP)
    • Siegfieds Leben und Tod : Kriemhilds Rache / Find
    • c
    • Pozostałe elementy strefy tytułu i oznaczenia odpowiedzialności (NP)
    • dem mittelalterlichen Nibelungenliede nachrzählt von Alfred Carl Groeger.
260 -Strefa adresu wydawniczego [ , ]
    • a
    • Miejsce wydania (P)
    • Husum/Nordsee :
    • b
    • Nazwa wydawcy (P)
    • Hamburger Lesehefte Verlag,
    • c
    • Data wydania (P)
    • [1998].
300 -Strefa opisu fizycznego [ , ]
    • a
    • Określenie formy książki i/lub objętość (NP)
    • 79 stron ;
    • c
    • Format (NP)
    • 20 cm.
336 -Typ zawartości [ , ]
    • a
    • Termin opisujący typ zawartości
    • Tekst
    • b
    • Kod określający zawartość
    • txt
    • 2
    • Źródło (terminu i kodu)
    • rdacontent
337 -Typ mediów [ , ]
    • a
    • Tryb odtwarzania
    • Bez urządzenia pośredniczącego
    • b
    • Kod typu mediów
    • n
    • 2
    • Źródło (terminu i kodu)
    • rdamedia
338 -Typ/rodzaj nośnika [ , ]
    • a
    • Hasło opisujące typ nośnika
    • Wolumin
    • b
    • Kod typu nośnika
    • nc
    • 2
    • Źródło (terminu i kodu)
    • rdacarrier
380 -Deskryptor - Forma dzieła (P) [ , ]
    • a
    • forma dzieła (NP)
    • Dramat (rodzaj)
490 -Strefa serii i książki wielotomowej - forma nie do wyszukiwania [1, ]
    • a
    • Tytuł (P)
    • Hamburger Leseheft ; Find
    • v
    • Numeracja (P)
    • H. 137
830 -Hasło dodatkowe serii i opisu książki wielotomowej - tytuł ujednolicony/tytuł [ ,0]
    • a
    • Tytuł ujednolicony/tytuł (NP)
    • Hamburger Leseheft
    • v
    • Oznaczenie tomu (NP)
    • H. 137
    • 9
    • KHW
    • 401732
500 -Uwaga ogólna [ , ]
    • a
    • Uwaga ogólna (NP)
    • Data wydania przejęta z KOBV Berlin-Brandenburg.
080 -Uniwersalna Klasyfikacja Dziesiętna [ , ]
    • a
    • Symbol klasyfikacji
    • 830-343.4=30
655 -Hasło w funkcji tematu formalnego [ ,7]
    • a
    • Hasło
    • Epos bohaterski.
    • 2
    • Źródło terminu
    • kaba
    • 9
    • KHW
    • 184108
655 -Hasło w funkcji tematu formalnego [ ,7]
    • a
    • Hasło
    • Poezja epicka niemiecka
    • y
    • Określnik chronologiczny
    • 1050-1500 (średnio-wysoko-niemiecka).
    • 2
    • Źródło terminu
    • kaba
    • 9
    • KHW
    • 185712
980 -Symbol UKD [ , ]
    • a
    • UKD
    • 830-343.4=30
700 -Hasło dodatkowe - nazwa osobowa [1, ]
    • a
    • Nazwa osobowa (NP)
    • Groeger, Alfred Carl. Find
    • e
    • Określenie rodzaju współpracy
    • Redakcja
    • 9
    • KHW
    • 650814
710 -Hasło dodatkowe - nazwa ciała zbiorowego [2, ]
    • a
    • Nazwa ciała zbiorowego lub nazwa geograficzna jako pierwszy element (NP)
    • Husum Druck- und Verlagsgesellschaft.
    • e
    • Rodzaj współpracy
    • Wydawca
    • 4
    • Kod relacji
    • pbl
    • 9
    • KHW
    • 401902
920 -ISBN [ , ]
    • a
    • ISBN
    • 3-87291-136-8 Find
Lokalizacja Data inwentaryzacji Status udost. Numer inwentarzowy Sygnatura
BM1994-01-13-3G.9405Germ. Literatura niemiecka
BM1994-01-13-3G.9406Germ. Literatura niemiecka
BM1994-01-13-3G.9408Germ. Literatura niemiecka
BM1994-01-13-3G.9409Germ. Literatura niemiecka
BM -3G.1263Germ. Literatura niemiecka
BM -3G.1264Germ. Literatura niemiecka
BM -3G.1265Germ. Literatura niemiecka
BM -3G.1266Germ. Literatura niemiecka
BM1994-01-13-3G.9407 
BM -3G.1267